[Event "20th WCh U20 Girls"]
[Site "Panaji IND"]
[Date "2002.12.11"]
[Round "4"]
[White "Matras, Agnieszka"]
[Black "Bjerke, Silje"]
[Result "1-0"]
[WhiteElo "2247"]
[BlackElo "2065"]
[EventDate "2002.12.09"]
[PlyCount "69"]

1.e4 e6 2.d4 d5 3.Nd2 c5 4.exd5 Qxd5 5.Ngf3 cxd4 6.Bc4 Qd6 7.O-O Nf6 8.Nb3
Nc6 9.Nfxd4 Nxd4 10.Nxd4 a6 11.b3 Qc7 12.Bb2 Bd6 13.Nf3 O-O 14.Qe2 Re8 15.
Ne5 b6 16.Rfe1 Bb7 17.Rad1 Rad8 18.a4 a5 19.h3 Bb4 20.Rxd8 Qxd8 21.Rd1 Qe7
22.Ng4 Nd5 23.Qd3 Bc5 24.Bb5 Rc8 25.Qg3 f6 26.c4 Bd6 27.Qd3 h5 28.cxd5 
hxg4 29.dxe6 Rd8 30.Bd7 Bc7 31.hxg4 Qb4 32.e7 Qxe7 33.Qc4+ Kf8 34.Qxc7 Bc8
35.Ba3 1-0

[Event "20th WCh U20 Girls"]
[Site "Panaji IND"]
[Date "2002.12.11"]
[Round "4"]
[White "Tsai, Cindy"]
[Black "Trujillo Delgado, Dafnae"]
[Result "1-0"]
[WhiteElo "2204"]
[BlackElo "2036"]
[EventDate "2002.12.09"]
[PlyCount "51"]

1.d4 d5 2.c4 e6 3.Nc3 Nf6 4.cxd5 exd5 5.Bg5 c6 6.Qc2 Nbd7 7.e3 Bd6 8.Bd3 
Nf8 9.Nge2 Ng6 10.Ng3 h6 11.Bxf6 Qxf6 12.O-O-O O-O 13.Kb1 b5 14.f3 Be6 15.
Nce2 Rfc8 16.e4 dxe4 17.fxe4 Qd8 18.e5 Bf8 19.Bxg6 fxg6 20.Qxg6 Bf7 21.Qf5
g6 22.Qg4 g5 23.h4 Qa5 24.Nc1 Bg6+ 25.Ka1 Ba3 26.Qe6+ 1-0

[Event "20th WCh U20 Girls"]
[Site "Panaji IND"]
[Date "2002.12.11"]
[Round "4"]
[White "Kavitha, J. E."]
[Black "Holusova, Tana"]
[Result "1-0"]
[WhiteElo "2064"]
[BlackElo "2106"]
[EventDate "2002.12.09"]
[PlyCount "95"]

1.e4 e6 2.d4 d5 3.Nc3 Bb4 4.e5 c5 5.a3 Bxc3+ 6.bxc3 Ne7 7.Qg4 Nf5 8.Bd3 h5
9.Qf4 Nc6 10.Nf3 Nce7 11.Nh4 Qc7 12.Bd2 c4 13.Bxf5 exf5 14.O-O Be6 15.Qg3 
O-O-O 16.Bg5 Rdg8 17.Qf3 Kb8 18.Rfb1 f4 19.Qxf4 Nc8 20.Nf5 Qd7 21.Nh4 Nb6 
22.Rb4 Rc8 23.a4 Rc7 24.Qg3 Rg8 25.Qe3 Qc8 26.a5 Nd7 27.Be7 Ka8 28.Bd6 Rc6
29.f4 Qd8 30.f5 Qxh4 31.fxe6 fxe6 32.Rab1 b6 33.axb6 Rxb6 34.Rxb6 axb6 35.
Qf3 Qd8 36.Qxh5 Qe8 37.Qg5 Kb7 38.Qc1 Qg6 39.Qb2 Rd8 40.Qb5 Qxc2 41.Be7 
Kc7 42.Bxd8+ Kxd8 43.Qb4 g5 44.Ra1 Ke8 45.Qd6 Qe2 46.Ra8+ Kf7 47.Qxd7+ Kg6
48.Qxe6+ 1-0

[Event "20th WCh U20 Girls"]
[Site "Panaji IND"]
[Date "2002.12.11"]
[Round "4"]
[White "Savic, Marijana"]
[Black "Rajalakshmi, C. V."]
[Result "1/2-1/2"]
[WhiteElo "2141"]
[BlackElo "2018"]
[EventDate "2002.12.09"]
[PlyCount "69"]

1.e4 c6 2.d4 d5 3.Nc3 dxe4 4.Nxe4 Nf6 5.Nxf6+ exf6 6.c3 Bd6 7.Bd3 O-O 8.
Ne2 Re8 9.Qc2 g6 10.h4 Be6 11.Bh6 Nd7 12.h5 Nf8 13.O-O-O Qa5 14.a3 b5 15.
Bxf8 Kxf8 16.hxg6 hxg6 17.Rh7 Bd5 18.Bxg6 Bxa3 19.Nf4 Bc4 20.Rh8+ Ke7 21.
Rh7 Kf8 22.Rdh1 Bd6 23.Nd3 fxg6 24.Rh8+ Bg8 25.Ne5 Bxe5 26.Rxg8+ Kxg8 27.
Qxg6+ Kf8 28.Rh8+ Ke7 29.Rh7+ Kd8 30.dxe5 Qa1+ 31.Kc2 Qa4+ 32.b3 Qa2+ 33.
Kc1 Qa1+ 34.Kc2 Qa2+ 35.Kc1 1/2-1/2

[Event "20th WCh U20 Girls"]
[Site "Panaji IND"]
[Date "2002.12.11"]
[Round "4"]
[White "Rajadharshini, M."]
[Black "Anuprita, Patil"]
[Result "1/2-1/2"]
[WhiteElo "2045"]
[BlackElo "2093"]
[EventDate "2002.12.09"]
[PlyCount "75"]

1.c4 c5 2.Nf3 Nc6 3.Nc3 g6 4.g3 Bg7 5.Bg2 e6 6.e4 d6 7.O-O Nge7 8.d3 O-O 
9.Rb1 Rb8 10.Be3 Nd4 11.Qd2 b6 12.Bh6 Nxf3+ 13.Bxf3 Nc6 14.Bxg7 Kxg7 15.
Bg2 Nd4 16.Ne2 Nxe2+ 17.Qxe2 e5 18.f4 f6 19.Rf2 Qe7 20.Qf1 Qd7 21.h4 h6 
22.Kh2 Qe8 23.Bh3 a6 24.Bxc8 Qxc8 25.Rf3 Qg4 26.Qf2 g5 27.fxg5 fxg5 28.Rf1
Rxf3 29.Qxf3 Qxf3 30.Rxf3 gxh4 31.gxh4 Rf8 32.Rxf8 Kxf8 33.h5 Kf7 34.Kg3 
Kf6 35.Kg4 Ke6 36.Kh4 Kf6 37.Kg4 Ke6 38.Kh4 1/2-1/2

[Event "20th WCh U20 Girls"]
[Site "Panaji IND"]
[Date "2002.12.11"]
[Round "4"]
[White "Nimmy, A. G."]
[Black "Chandra, Koneru"]
[Result "1/2-1/2"]
[WhiteElo "2004"]
[BlackElo "2086"]
[EventDate "2002.12.09"]
[PlyCount "124"]

1.e4 c6 2.d4 d5 3.exd5 cxd5 4.Bd3 Nc6 5.c3 Nf6 6.Bg5 e6 7.Nf3 Be7 8.Nbd2 
a6 9.a4 O-O 10.O-O Bd7 11.Ne5 Nxe5 12.dxe5 Ne8 13.Qh5 g6 14.Bxe7 Qxe7 15.
Qh6 f6 16.Nf3 Qg7 17.Qe3 fxe5 18.Nxe5 Nd6 19.f4 b5 20.Qc5 Nc4 21.Bxc4 bxc4
22.Qd6 Rfd8 23.Rfe1 Rab8 24.Ra2 a5 25.Nxd7 Qxd7 26.Qxe6+ Qxe6 27.Rxe6 Kf7 
28.Ra6 Ra8 29.Rxa8 Rxa8 30.Ra1 Rb8 31.Rb1 Ke6 32.Kf2 d4 33.cxd4 Kd5 34.Ke3
Rb4 35.Kd2 Kxd4 36.Kc2 Ke4 37.g3 Rxa4 38.Re1+ Kf5 39.Re7 h5 40.Re5+ Kf6 
41.Kc3 Ra2 42.Rc5 a4 43.Rxc4 a3 44.Rc6+ Kf5 45.Rc5+ Ke4 46.bxa3 Rxa3+ 47.
Kb2 Rd3 48.Kc2 Rd6 49.Rg5 h4 50.Rg4 hxg3 51.hxg3 Kf3 52.Rg5 Ke4 53.Kc3 Re6
54.Kd2 Kf3 55.Kd3 Rd6+ 56.Kc4 Ke4 57.Kc5 Ra6 58.Kb5 Rf6 59.Kc4 Rc6+ 60.Kb5
Rf6 61.Kc4 Rc6+ 62.Kb5 Rf6 1/2-1/2

[Event "20th WCh U20 Girls"]
[Site "Panaji IND"]
[Date "2002.12.11"]
[Round "4"]
[White "Delphin, C."]
[Black "Jennitha, Anto"]
[Result "1-0"]
[WhiteElo "2084"]
[BlackElo "1989"]
[EventDate "2002.12.09"]
[PlyCount "89"]

1.e4 e5 2.Nf3 Nf6 3.Nxe5 d6 4.Nf3 Nxe4 5.d4 d5 6.Bd3 Bd6 7.O-O O-O 8.c4 c6
9.Nc3 Nxc3 10.bxc3 Bg4 11.cxd5 cxd5 12.h3 Bh5 13.Be2 Re8 14.Be3 Nd7 15.Nd2
Bxe2 16.Qxe2 a6 17.c4 Nf6 18.Qf3 Bb4 19.Rac1 Bxd2 20.Bxd2 dxc4 21.Rxc4 b5 
22.Rc6 Qxd4 23.Bc3 Qe4 24.Rxf6 gxf6 25.Qxf6 Kf8 26.Qg7+ Ke7 27.Re1 Qxe1+ 
28.Bxe1 Ke6 29.Qxh7 Rh8 30.Qe4+ Kd7 31.Bb4 Rac8 32.Qd5+ Kc7 33.Bd6+ Kb6 
34.Qxf7 Rc1+ 35.Kh2 Rhc8 36.Bf4 R1c6 37.h4 a5 38.Be3+ Rc5 39.Bxc5+ Rxc5 
40.h5 Rc6 41.Qg7 Ka6 42.h6 b4 43.h7 Rc8 44.h8=Q Rxh8+ 45.Qxh8 1-0

[Event "20th WCh U20 Girls"]
[Site "Panaji IND"]
[Date "2002.12.12"]
[Round "5"]
[White "Wang Yu"]
[Black "Kosintseva, Tatiana"]
[Result "1/2-1/2"]
[WhiteElo "2368"]
[BlackElo "2427"]
[EventDate "2002.12.09"]
[PlyCount "82"]

1.e4 c5 2.Nf3 d6 3.d4 cxd4 4.Nxd4 Nf6 5.Nc3 g6 6.Be2 Bg7 7.O-O O-O 8.Nb3 
Nbd7 9.a4 b6 10.a5 Bb7 11.f3 a6 12.axb6 Qxb6+ 13.Kh1 a5 14.Bg5 Rfc8 15.Qd2
Ne5 16.Ra2 Nc4 17.Bxc4 Rxc4 18.Rfa1 a4 19.Nxa4 Qc7 20.Nc3 Rxa2 21.Rxa2 Ne8
22.Be3 Bxc3 23.bxc3 Rxc3 24.Na5 Qc8 25.Nxb7 Qxb7 26.Qxc3 Qb1+ 27.Bg1 Qxa2 
28.Qc8 Qa4 29.h3 Kf8 30.Be3 Qa1+ 31.Kh2 Qe5+ 32.Kg1 f5 33.Qc4 f4 34.Bd4 
Qa5 35.Bc3 Qb6+ 36.Kh2 e5 37.Bb4 Ke7 38.c3 Qf2 39.Qd5 Qg3+ 40.Kg1 Qe1+ 41.
Kh2 Qg3+ 1/2-1/2

[Event "20th WCh U20 Girls"]
[Site "Panaji IND"]
[Date "2002.12.12"]
[Round "5"]
[White "Pogonina, Natalia"]
[Black "Matras, Agnieszka"]
[Result "1-0"]
[WhiteElo "2397"]
[BlackElo "2247"]
[EventDate "2002.12.09"]
[PlyCount "95"]

1.e4 e5 2.Nf3 Nc6 3.Nc3 Nf6 4.d4 exd4 5.Nxd4 Bb4 6.Nxc6 bxc6 7.Bd3 d5 8.
exd5 cxd5 9.O-O O-O 10.Bg5 c6 11.Na4 h6 12.Bh4 Bd6 13.c3 Rb8 14.Re1 Bf4 
15.h3 Qd6 16.Qf3 Bd7 17.b4 g5 18.Bg3 d4 19.Bxf4 Qxf4 20.Qxf4 gxf4 21.a3 
dxc3 22.Nxc3 f3 23.g4 h5 24.g5 Nd5 25.Nxd5 cxd5 26.h4 Rfe8 27.Rxe8+ Rxe8 
28.Rc1 Bg4 29.b5 d4 30.a4 Re2 31.a5 Rd2 32.b6 axb6 33.axb6 Rxd3 34.b7 Rb3 
35.Rc8+ Kg7 36.b8=Q Rxb8 37.Rxb8 f6 38.Rb7+ Kf8 39.gxf6 d3 40.Rb6 Kf7 41.
Rd6 d2 42.Rxd2 Kxf6 43.Kh2 Ke5 44.Kg3 Ke4 45.Rd8 Ke5 46.Rg8 Kf5 47.Rg5+ 
Kf6 48.Rxg4 1-0

[Event "20th WCh U20 Girls"]
[Site "Panaji IND"]
[Date "2002.12.12"]
[Round "5"]
[White "Zigangirova, Sofya"]
[Black "Jackova, Jana"]
[Result "1-0"]
[WhiteElo "2241"]
[BlackElo "2361"]
[EventDate "2002.12.09"]
[PlyCount "63"]

1.e4 e5 2.Nf3 Nc6 3.Bb5 a6 4.Ba4 Nf6 5.O-O Be7 6.Re1 b5 7.Bb3 O-O 8.a4 Bb7
9.d3 d6 10.c3 Qd7 11.Nbd2 Rfe8 12.Nf1 Nd8 13.Ng3 h6 14.d4 Bf8 15.Bc2 c5 
16.d5 c4 17.h3 Qc7 18.Nh2 g6 19.Qf3 Bg7 20.Bxh6 Bxh6 21.Qxf6 Bg7 22.Qg5 
Rb8 23.Ng4 Qe7 24.Qe3 Bc8 25.axb5 axb5 26.Ra7 Nb7 27.Qb6 Bxg4 28.hxg4 Qd7 
29.Rea1 Rec8 30.g5 Bf8 31.Bd1 Nc5 32.Qxc5 1-0

[Event "20th WCh U20 Girls"]
[Site "Panaji IND"]
[Date "2002.12.12"]
[Round "5"]
[White "Ubiennykh, Ekaterina"]
[Black "Zhao Xue"]
[Result "0-1"]
[WhiteElo "2210"]
[BlackElo "2367"]
[EventDate "2002.12.09"]
[PlyCount "98"]

1.d4 Nf6 2.c4 e6 3.Nf3 d5 4.Nc3 Bb4 5.Bg5 Nbd7 6.e3 c5 7.cxd5 exd5 8.Bxf6 
Nxf6 9.Bb5+ Ke7 10.O-O c4 11.Ba4 Qa5 12.Ne2 Bd6 13.Bc2 Re8 14.Ne5 Kf8 15.
f4 Kg8 16.h3 Qc7 17.Qe1 Ne4 18.Bxe4 dxe4 19.Nc3 Bf8 20.Qe2 b6 21.Nb5 Qb7 
22.Nxc4 Rd8 23.Nc3 Bd7 24.f5 f6 25.Nd2 Re8 26.Qc4+ Kh8 27.Qd5 Bc6 28.Qb3 
Rad8 29.Rac1 Qb8 30.d5 Bc5 31.Rfe1 Bxd5 32.Nxd5 Qe5 33.Nxb6 axb6 34.Nc4 
Qxf5 35.Rcd1 b5 36.Na3 Rd3 37.Qxb5 Red8 38.Rc1 Rxe3 39.Rf1 Re1+ 40.Kh1 
Qxf1+ 41.Qxf1 Rxf1+ 42.Rxf1 Kg8 43.Re1 f5 44.Nc4 Bf2 45.Re2 Rd1+ 46.Kh2 
Bg1+ 47.Kg3 g5 48.Rd2 h5 49.h4 f4+ 0-1

[Event "20th WCh U20 Girls"]
[Site "Panaji IND"]
[Date "2002.12.12"]
[Round "5"]
[White "Helm, Leonie"]
[Black "Tian Tian"]
[Result "1-0"]
[WhiteElo "2235"]
[BlackElo "2311"]
[EventDate "2002.12.09"]
[PlyCount "97"]

1.e4 c6 2.d4 d5 3.Nd2 dxe4 4.Nxe4 Bf5 5.Ng3 Bg6 6.h4 h6 7.Nf3 Nd7 8.h5 Bh7
9.Bd3 Bxd3 10.Qxd3 Ngf6 11.Bf4 e6 12.O-O-O Be7 13.Kb1 O-O 14.Ne4 c5 15.
dxc5 Nxe4 16.Qxe4 Nxc5 17.Rxd8 Nxe4 18.Rd7 Bf6 19.Rxb7 Nxf2 20.Rf1 Ne4 21.
Rd1 Rfd8 22.Rxd8+ Rxd8 23.a4 Rd5 24.Rxa7 e5 25.Be3 Ng3 26.a5 Nf5 27.Bb6 
Rd6 28.Ra8+ Kh7 29.Rb8 Ne7 30.a6 Nc6 31.a7 Nxa7 32.Bxa7 e4 33.Ng1 Rd1+ 34.
Ka2 Rd2 35.c4 Rxg2 36.Rb3 Rc2 37.Rb4 Be5 38.Be3 Bh2 39.c5 f5 40.Nh3 Be5 
41.Kb1 Rh2 42.Nf4 Rh1+ 43.Ka2 Kg8 44.Ng6 Bh2 45.Rb7 Rd1 46.c6 Bd6 47.c7 
Bxc7 48.Rxc7 Rd3 49.Bf4 1-0

[Event "20th WCh U20 Girls"]
[Site "Panaji IND"]
[Date "2002.12.12"]
[Round "5"]
[White "Milliet, Sophie"]
[Black "Khasanova, Elmira"]
[Result "1/2-1/2"]
[WhiteElo "2164"]
[BlackElo "2325"]
[EventDate "2002.12.09"]
[PlyCount "28"]

1.e4 e6 2.d4 d5 3.exd5 exd5 4.Bf4 Bf5 5.Bd3 Bxd3 6.Qxd3 Nc6 7.c3 Bd6 8.
Bxd6 Qxd6 9.Nd2 Nf6 10.Ngf3 O-O 11.O-O Rae8 12.Rfe1 Qf4 13.g3 Qd6 14.Kg2 
a6 1/2-1/2

[Event "20th WCh U20 Girls"]
[Site "Panaji IND"]
[Date "2002.12.12"]
[Round "5"]
[White "Calotescu, Ana-Cristina"]
[Black "Drljevic, Ljilja"]
[Result "1/2-1/2"]
[WhiteElo "2324"]
[BlackElo "2139"]
[EventDate "2002.12.09"]
[PlyCount "69"]

1.Nf3 g6 2.c4 Bg7 3.d4 Nf6 4.g3 O-O 5.Bg2 d6 6.O-O Nbd7 7.Nc3 e5 8.e4 Qe7 
9.h3 c6 10.Re1 a6 11.Bg5 h6 12.Be3 Rb8 13.Qc2 b5 14.dxe5 dxe5 15.Red1 Re8 
16.Nd2 Nf8 17.Nb3 Ne6 18.cxb5 axb5 19.Ne2 Bb7 20.Nc5 Bf8 21.b4 Red8 22.
Rxd8 Rxd8 23.Rd1 Ra8 24.Nc1 Nxc5 25.Bxc5 Qe6 26.Nb3 Qc4 27.Qd2 Nxe4 28.
Bxe4 Qxe4 29.Bxf8 c5 30.f3 Qxf3 31.Bxc5 Qh1+ 32.Kf2 Qf3+ 33.Ke1 Qh1+ 34.
Kf2 Qf3+ 35.Ke1 1/2-1/2

[Event "20th WCh U20 Girls"]
[Site "Panaji IND"]
[Date "2002.12.12"]
[Round "5"]
[White "Makka, Ioulia"]
[Black "Tsai, Cindy"]
[Result "1-0"]
[WhiteElo "2257"]
[BlackElo "2204"]
[EventDate "2002.12.09"]
[PlyCount "91"]

1.e4 c5 2.Nf3 d6 3.d4 cxd4 4.Nxd4 Nf6 5.Nc3 a6 6.Be2 e5 7.Nb3 Be7 8.O-O 
O-O 9.Be3 Be6 10.Qd2 Nbd7 11.a4 Rc8 12.a5 Qc7 13.Rfc1 Rfd8 14.Nd5 Bxd5 15.
exd5 Nc5 16.Ra3 Nfe4 17.Qb4 f5 18.f3 Bg5 19.Bxg5 Nxg5 20.Nd2 Nd7 21.Rc3 
Qb8 22.Rxc8 Rxc8 23.Nc4 Rc5 24.Qd2 Nf7 25.b4 Rc7 26.Nb6 Nxb6 27.axb6 Rd7 
28.Qe3 Qd8 29.c4 e4 30.f4 Nh8 31.c5 dxc5 32.bxc5 Nf7 33.Bc4 Rxd5 34.Bxd5 
Qxd5 35.c6 Nd6 36.c7 Nc8 37.h3 Kf7 38.Kh2 Qd6 39.Kh1 Ke8 40.Qb3 Kf8 41.Rd1
Qxf4 42.Rd8+ Ke7 43.Rxc8 Qc1+ 44.Kh2 e3 45.Qb4+ Kf7 46.Qf8+ 1-0

[Event "20th WCh U20 Girls"]
[Site "Panaji IND"]
[Date "2002.12.12"]
[Round "5"]
[White "Tania, Sachdev"]
[Black "Harika, Dronavalli"]
[Result "1/2-1/2"]
[WhiteElo "2189"]
[BlackElo "2248"]
[EventDate "2002.12.09"]
[PlyCount "85"]

1.e4 c5 2.Nf3 Nc6 3.d4 cxd4 4.Nxd4 Nf6 5.Nc3 e5 6.Ndb5 d6 7.Bg5 a6 8.Na3 
b5 9.Bxf6 gxf6 10.Nd5 f5 11.c3 Bg7 12.exf5 Bxf5 13.Nc2 Ne7 14.Nxe7 Bxc2 
15.Qxc2 Qxe7 16.a4 O-O 17.Be2 b4 18.cxb4 Qb7 19.O-O Qxb4 20.Bd3 h6 21.Qe2 
a5 22.Qe4 Qxe4 23.Bxe4 Rab8 24.Rad1 Rb4 25.Bc6 Rc8 26.Bd7 Rd8 27.Rxd6 Rxa4
28.Bxa4 Rxd6 29.Rd1 Rd4 30.Rxd4 exd4 31.Kf1 Kf8 32.Ke2 Be5 33.Kd3 Ke7 34.
g4 Kd6 35.h4 Bf6 36.h5 Ke5 37.f3 Bg5 38.Bc6 f6 39.b3 Bc1 40.Be4 Bb2 41.Bc6
Kf4 42.Be4 Ke5 43.Ke2 1/2-1/2

[Event "20th WCh U20 Girls"]
[Site "Panaji IND"]
[Date "2002.12.12"]
[Round "5"]
[White "Prathiba, Yuvarajan"]
[Black "Karavade, Eesha"]
[Result "1-0"]
[WhiteElo "2223"]
[BlackElo "2171"]
[EventDate "2002.12.09"]
[PlyCount "143"]

1.e4 c5 2.Nf3 d6 3.d4 cxd4 4.Nxd4 Nf6 5.Nc3 a6 6.Bg5 e6 7.f4 Bd7 8.Qf3 Nc6
9.Nde2 Be7 10.f5 Ne5 11.Qh3 Nfg4 12.Bxe7 Qxe7 13.Qg3 O-O-O 14.h3 Nf6 15.
Qf2 exf5 16.exf5 Nc4 17.O-O-O Qe3+ 18.Qxe3 Nxe3 19.Rd3 Rhe8 20.g4 Bc6 21.
Rg1 Nxf1 22.Rxf1 Ne4 23.Nxe4 Bxe4 24.Rc3+ Kd7 25.Nf4 Rc8 26.Rxc8 Rxc8 27.
Rf2 g6 28.fxg6 fxg6 29.Ng2 d5 30.Ne3 Ke7 31.Kd1 h6 32.h4 Rf8 33.Rxf8 Kxf8 
34.Kd2 d4 35.Nd1 Ke7 36.Nf2 Bc6 37.Kd3 Ke6 38.Kxd4 h5 39.g5 Kf5 40.Ke3 a5 
41.a3 a4 42.b3 axb3 43.cxb3 Bd5 44.b4 Bc6 45.Nd3 Bb5 46.Nf2 Bc6 47.Nd3 Bb5
48.Ne1 Kg4 49.Nf3 Kg3 50.Ne5 Kxh4 51.Kf4 Be8 52.a4 Kh3 53.a5 Kg2 54.b5 
Bxb5 55.Nxg6 Ba4 56.Nh4+ Kf2 57.g6 Ke2 58.Nf5 Kd3 59.Nd6 h4 60.Kg4 Kd4 61.
Nf7 Bc2 62.g7 Bh7 63.Kxh4 Kc5 64.Kg5 Kc6 65.Kf6 Kd7 66.Ne5+ Kd6 67.Nf7+ 
Kd7 68.Nh6 Kc6 69.Ke7 Kb5 70.Kf8 Kxa5 71.Ng4 b5 72.Nf6 1-0

[Event "20th WCh U20 Girls"]
[Site "Panaji IND"]
[Date "2002.12.12"]
[Round "5"]
[White "Anoori, Mehul Shah"]
[Black "Delphin, C."]
[Result "1/2-1/2"]
[WhiteElo "2109"]
[BlackElo "2084"]
[EventDate "2002.12.09"]
[PlyCount "83"]

1.Nf3 c5 2.e4 Nc6 3.Bb5 g6 4.O-O Bg7 5.Nc3 e6 6.Bxc6 dxc6 7.d3 Ne7 8.Be3 
b6 9.Nd2 e5 10.f4 exf4 11.Bxf4 Be6 12.Kh1 Qd7 13.Nf3 Bg4 14.Qd2 Bxf3 15.
Rxf3 O-O 16.Bh6 f5 17.Rh3 Rf7 18.Bxg7 Kxg7 19.exf5 Nxf5 20.Ne4 Kg8 21.Qg5 
Raf8 22.Rf3 Qe7 23.Raf1 Qe6 24.Qd2 Nd4 25.Rxf7 Rxf7 26.Re1 Re7 27.c3 Nf5 
28.b3 Nd6 29.Qf4 Nxe4 30.Rxe4 Qd7 31.Qe3 Rxe4 32.Qxe4 Qd5 33.Qe8+ Kg7 34.
Qe7+ Kg8 35.Qxa7 Qxd3 36.Qb8+ Kg7 37.h3 Qxc3 38.Qxb6 Qa1+ 39.Kh2 Qxa2 40.
Qxc5 Qxb3 41.Qxc6 Qb8+ 42.Kg1 1/2-1/2

[Event "20th WCh U20 Girls"]
[Site "Panaji IND"]
[Date "2002.12.12"]
[Round "5"]
[White "Rajalakshmi, C. V."]
[Black "Churun, Polina"]
[Result "0-1"]
[WhiteElo "2018"]
[BlackElo "2162"]
[EventDate "2002.12.09"]
[PlyCount "68"]

1.c4 e5 2.Nc3 Nf6 3.g3 d5 4.cxd5 Nxd5 5.Bg2 Nb6 6.Nf3 Nc6 7.O-O Be7 8.a3 
a5 9.d3 O-O 10.Be3 f5 11.Qd2 Nd4 12.Bxd4 exd4 13.Nb5 Bf6 14.Qc2 c6 15.Qb3+
Kh8 16.Nd6 Qxd6 17.Qxb6 Re8 18.Rfe1 Ra6 19.Qb3 a4 20.Qc2 Be6 21.Nd2 Bd5 
22.Nc4 Qd7 23.Bh3 Be6 24.Bg2 Rd8 25.Rab1 c5 26.Nd2 Rc8 27.Rec1 b5 28.Qd1 
c4 29.dxc4 bxc4 30.Nf3 Rb6 31.Qe1 Rcb8 32.Rd1 Rd6 33.e3 d3 34.Qd2 Rdb6 0-1

[Event "20th WCh U20 Girls"]
[Site "Panaji IND"]
[Date "2002.12.12"]
[Round "5"]
[White "Trujillo Delgado, Dafnae"]
[Black "Savic, Marijana"]
[Result "0-1"]
[WhiteElo "2036"]
[BlackElo "2141"]
[EventDate "2002.12.09"]
[PlyCount "72"]

1.e4 e5 2.Nf3 Nc6 3.Bb5 a6 4.Ba4 Nf6 5.d3 d6 6.c3 g6 7.Nbd2 Bg7 8.O-O O-O 
9.Re1 b5 10.Bc2 Bb7 11.Nf1 Nb8 12.Ng3 Nbd7 13.d4 c5 14.d5 c4 15.h3 Nc5 16.
Nh2 Qc7 17.Qf3 a5 18.Bg5 Ncd7 19.Ng4 Nxg4 20.hxg4 f6 21.Bd2 Nb6 22.Kh2 Bc8
23.Nf1 Bd7 24.Ne3 Rf7 25.g3 Bh6 26.Kg2 Bxe3 27.Bxe3 Nc8 28.Rh1 Ne7 29.Rh4 
Qc8 30.Bd1 f5 31.gxf5 gxf5 32.Bg5 fxe4 33.Qxe4 Nxd5 34.Bf3 Bc6 35.Rg4 Kh8 
36.Qxd5 Bxd5 0-1

[Event "20th WCh U20 Girls"]
[Site "Panaji IND"]
[Date "2002.12.12"]
[Round "5"]
[White "Priyadarshini, M."]
[Black "Kavitha, J. E."]
[Result "1/2-1/2"]
[WhiteElo "2097"]
[BlackElo "2064"]
[EventDate "2002.12.09"]
[PlyCount "169"]

1.c4 Nf6 2.Nc3 e6 3.e4 d5 4.e5 d4 5.exf6 dxc3 6.fxg7 cxd2+ 7.Bxd2 Bxg7 8.
Qc2 Nc6 9.Nf3 Qe7 10.a3 Bd7 11.Bc3 e5 12.O-O-O f5 13.Kb1 O-O-O 14.Ka1 Be6 
15.Nd2 Rd7 16.f3 Rhd8 17.Be2 Nd4 18.Bxd4 exd4 19.Bd3 c5 20.Rhe1 Rf8 21.Re2
Qd6 22.Rde1 Rf6 23.Qa4 Kb8 24.Nb3 b6 25.Nd2 Re7 26.g4 Bd7 27.Qc2 Rxe2 28.
Rxe2 Bh6 29.h3 Qf8 30.Bxf5 Bxf5 31.gxf5 Rxf5 32.Ka2 Qf7 33.Ne4 Bf4 34.Qd3 
Bc7 35.Nd2 Bf4 36.Ne4 Kc7 37.b4 Be3 38.bxc5 Rxf3 39.Nd6 Qg6 40.Nb5+ Kb8 
41.Qxg6 hxg6 42.c6 a6 43.Nd6 Kc7 44.Ne4 Kxc6 45.Rg2 g5 46.Nxg5 Bxg5 47.
Rxg5 Rxh3 48.Rd5 Rd3 49.Rd8 Rc3 50.Rxd4 Kc5 51.Rh4 Rxc4 52.Rh5+ Kc6 53.Kb3
Rc5 54.Rh6+ Kb5 55.a4+ Ka5 56.Rh4 Rg5 57.Rf4 Rg3+ 58.Kb2 Rd3 59.Rh4 Rd1 
60.Rg4 Rd2+ 61.Kb3 Rd3+ 62.Kb2 Rh3 63.Rf4 b5 64.axb5 axb5 65.Rg4 Rf3 66.
Rh4 Rf8 67.Rh3 Rc8 68.Rg3 Rc4 69.Ra3+ Kb4 70.Rb3+ Kc5 71.Rh3 Kb6 72.Rg3 
Rf4 73.Rh3 Ka5 74.Kb3 Rb4+ 75.Ka3 Rb1 76.Ka2 Rg1 77.Kb3 Rg5 78.Rf3 Rg1 79.
Rh3 Rg5 80.Rf3 Rc5 81.Rh3 Rc4 82.Rg3 Rb4+ 83.Ka3 Ra4+ 84.Kb3 Rb4+ 85.Ka3 
1/2-1/2

[Event "20th WCh U20 Girls"]
[Site "Panaji IND"]
[Date "2002.12.12"]
[Round "5"]
[White "Nilavoli, Hariharan"]
[Black "Nabeela, Farheen"]
[Result "1-0"]
[WhiteElo "2064"]
[BlackElo "2067"]
[EventDate "2002.12.09"]
[PlyCount "133"]

1.e4 e5 2.Nf3 Nc6 3.Bb5 a6 4.Bxc6 dxc6 5.O-O f6 6.d4 Bg4 7.dxe5 Qxd1 8.
Rxd1 fxe5 9.Rd3 Bd6 10.Nbd2 b5 11.b3 Ne7 12.Bb2 Ng6 13.g3 O-O 14.Kg2 Rf6 
15.Ng1 Rf7 16.f3 Be6 17.Nh3 h6 18.Nf2 c5 19.c4 bxc4 20.Nxc4 Bxc4 21.bxc4 
Rb8 22.Rb3 Rff8 23.Rxb8 Rxb8 24.Nd3 Rb6 25.Ba3 Kf7 26.Rf1 Be7 27.Kf2 Ke8 
28.Ke3 Rf6 29.Rf2 h5 30.f4 Bd6 31.fxe5 Bxe5 32.Bxc5 Kd7 33.Bd4 Bxd4+ 34.
Kxd4 Rd6+ 35.Ke3 Ke7 36.e5 Rc6 37.Kd4 Nf8 38.Nb4 Ne6+ 39.Kc3 Rc5 40.Nd3 
Rc6 41.Nf4 Ng5 42.Kd4 Ne6+ 43.Nxe6 Rxe6 44.Rf5 Rh6 45.Kd5 h4 46.g4 h3 47.
Rh5 Rg6 48.Rxh3 Rxg4 49.Rg3 c6+ 50.Kc5 Rh4 51.Rxg7+ Ke6 52.Rg6+ Kxe5 53.
Rxc6 Rxh2 54.Rxa6 Rc2 55.a4 Rc1 56.a5 Ra1 57.Ra8 Ke6 58.Kc6 Kf7 59.a6 Kg7 
60.c5 Ra2 61.Kc7 Ra1 62.c6 Ra2 63.a7 Ra1 64.Kd6 Rd1+ 65.Ke5 Re1+ 66.Kd4 
Rd1+ 67.Ke3 1-0

[Event "20th WCh U20 Girls"]
[Site "Panaji IND"]
[Date "2002.12.12"]
[Round "5"]
[White "Anuprita, Patil"]
[Black "Nimmy, A. G."]
[Result "0-1"]
[WhiteElo "2093"]
[BlackElo "2004"]
[EventDate "2002.12.09"]
[PlyCount "102"]

1.Nf3 d5 2.d4 Nf6 3.Bf4 Bf5 4.e3 e6 5.Bd3 Bxd3 6.Qxd3 c6 7.O-O Be7 8.h3 
O-O 9.Nbd2 Nbd7 10.c4 c5 11.b3 Rc8 12.Rfd1 h6 13.Ne5 Nb8 14.Ndf3 Qb6 15.
cxd5 Nxd5 16.Nc4 Qa6 17.Bxb8 Rxb8 18.Nfe5 b5 19.Nd2 Nb4 20.Qe2 Qb7 21.Ndf3
Nd5 22.Rac1 Rfc8 23.Qb2 b4 24.dxc5 Bxc5 25.Rc4 Be7 26.Nd4 Nb6 27.Rxc8+ 
Rxc8 28.Rc1 Bf6 29.Nc4 Bxd4 30.Qxd4 Qd5 31.Qf4 a5 32.e4 Qc6 33.Qe3 a4 34.
f3 Qc5 35.Kf2 Qxe3+ 36.Kxe3 Kf8 37.Rc2 Ke7 38.Rc1 e5 39.Rc2 Rc7 40.Ke2 
Nxc4 41.bxc4 Kd6 42.Kd3 Kc5 43.Ke3 Rd7 44.f4 exf4+ 45.Kxf4 b3 46.axb3 axb3
47.Rc1 b2 48.Rb1 Rb7 49.Ke3 Kxc4 50.Kd2 Kb3 51.g4 Ka2 0-1

[Event "20th WCh U20 Girls"]
[Site "Panaji IND"]
[Date "2002.12.12"]
[Round "5"]
[White "Jennitha, Anto"]
[Black "Soumya, Swaminathan"]
[Result "1/2-1/2"]
[WhiteElo "1989"]
[BlackElo "2095"]
[EventDate "2002.12.09"]
[PlyCount "41"]

1.e4 c5 2.Ne2 e6 3.d3 Nc6 4.g3 g6 5.Bg2 Bg7 6.c3 Nge7 7.O-O d5 8.f4 O-O 9.
Qc2 d4 10.c4 e5 11.h3 Bd7 12.a3 a6 13.Nd2 Kh8 14.Kh2 f5 15.exf5 Nxf5 16.
Ne4 Qb6 17.Rb1 a5 18.fxe5 Nxe5 19.Nf4 Ne7 20.Bd2 Qa7 21.b4 1/2-1/2

[Event "20th WCh U20 Girls"]
[Site "Panaji IND"]
[Date "2002.12.12"]
[Round "6"]
[White "Wang Yu"]
[Black "Humpy, Koneru"]
[Result "1/2-1/2"]
[WhiteElo "2368"]
[BlackElo "2484"]
[EventDate "2002.12.09"]
[PlyCount "34"]

1.e4 e5 2.Nf3 Nf6 3.Nc3 Bb4 4.Nxe5 O-O 5.Nd3 Bxc3 6.dxc3 Nxe4 7.Be2 d5 8.
O-O c6 9.Nf4 Nd6 10.Be3 Bf5 11.Bd3 Nd7 12.Re1 Qf6 13.Nh5 Qg6 14.Nf4 Qf6 
15.Nh5 Qg6 16.Nf4 Qf6 17.Nh5 Qg6 1/2-1/2

[Event "20th WCh U20 Girls"]
[Site "Panaji IND"]
[Date "2002.12.12"]
[Round "6"]
[White "Zhao Xue"]
[Black "Kosintseva, Nadezhda"]
[Result "1/2-1/2"]
[WhiteElo "2367"]
[BlackElo "2388"]
[EventDate "2002.12.09"]
[PlyCount "83"]

1.d4 f5 2.c4 Nf6 3.Nc3 g6 4.Nf3 Bg7 5.g3 O-O 6.Bg2 d6 7.O-O c6 8.d5 e5 9.
dxe6 Bxe6 10.Qd3 Nbd7 11.Bf4 Nb6 12.b3 d5 13.Ng5 Qe7 14.Nxe6 Qxe6 15.cxd5 
Nfxd5 16.Nxd5 Nxd5 17.Bxd5 Qxd5 18.Qxd5+ cxd5 19.Rac1 Rac8 20.Rfd1 d4 21.
Kf1 Kf7 22.e3 Rxc1 23.Rxc1 Ke6 24.Ke2 Rd8 25.Rc7 Rd7 26.Rxd7 Kxd7 27.Kd3 
dxe3 28.Bxe3 a6 29.Bd4 Bf8 30.a4 Kc6 31.Kc4 b5+ 32.axb5+ axb5+ 33.Kd3 Kd5 
34.h3 Bd6 35.Be3 h5 36.Bf4 Be7 37.f3 Bc5 38.g4 hxg4 39.hxg4 Bb6 40.gxf5 
gxf5 41.Bg3 Bc5 42.Bf4 1/2-1/2

[Event "20th WCh U20 Girls"]
[Site "Panaji IND"]
[Date "2002.12.12"]
[Round "6"]
[White "Kosintseva, Tatiana"]
[Black "Makka, Ioulia"]
[Result "1-0"]
[WhiteElo "2427"]
[BlackElo "2257"]
[EventDate "2002.12.09"]
[PlyCount "83"]

1.e4 c6 2.d4 d5 3.exd5 cxd5 4.c4 Nf6 5.Nc3 e6 6.Nf3 Bb4 7.Bd3 dxc4 8.Bxc4 
O-O 9.O-O b6 10.Bg5 Bxc3 11.bxc3 Nbd7 12.Bd3 Qc7 13.Rc1 Bb7 14.Re1 Rac8 
15.Bh4 Qd6 16.Ne5 Nxe5 17.dxe5 Qd5 18.Bf1 Ne4 19.Qxd5 Bxd5 20.c4 Bc6 21.f3
g5 22.Bf2 Nxf2 23.Kxf2 Ba4 24.Re4 Rfd8 25.c5 Rd2+ 26.Kg1 Bc2 27.cxb6 axb6 
28.Rg4 h6 29.h4 Ra8 30.hxg5 h5 31.Rb4 Rxa2 32.Rxb6 Bd3 33.Bxd3 Rxd3 34.g6 
Rdd2 35.gxf7+ Kxf7 36.Rc7+ Kg6 37.Rxe6+ Kf5 38.Rf6+ Kxe5 39.Rg6 h4 40.Rh7 
Ra4 41.Rh5+ Kf4 42.Rg4+ 1-0